000 01263cam a22003135a 4500
001 L158689
008 081110s2015 xxka f 000 0 eng u
020 _a9781848064225
035 _a(Sirsi) u158689
041 0 _aeng
050 0 4 _a690 $2 18
100 1 _aPool, Rupert
110 2 _aBuilding Research Establishment
245 _aTiled floors with underfloor heating
_bA guide to minimising and repairing cracking
260 _aWatford
_bIHS BRE
_c2015
300 _a8p.
_bill.
_c30cm.
490 0 _aBRE Information Paper
_vIP 6/15
520 _aSets out BRE's experience of screeds that contain warm-water underfloor heating systems and describes how the risk of cracking can be minimised and how repairs can be undertaken. Electric 'undertile' heating and proprietary 'thin-screed' underfloor heating systems are not dealt with in this publication.
521 _aAdvanced
590 _aKA
650 2 4 _aTILES
650 2 4 _aHEATING SYSTEMS
650 2 4 _aCRACKING
651 4 _aUnited Kingdom
_y
690 _aBuilding materials and defects
700 1 _aYates, Anthony
856 4 8 _uhttps://rics.org/globalassets/rics-website/media/footer/library-document-delivery-form-rics.pdfz
_This document can be viewed in the library.
942 _n0
999 _c115458
_d115458